000 01544cam a2200313 i 4500
999 _c118396
_d118396
003 BJBSDDR
005 20241129152021.0
007 ta
008 121322s2019 dr 000 0dspa
041 _aspa
050 1 4 _aTFM IGlobal
_bDAE 2019 176
100 1 _aFurment Cabral, Ángela María
245 1 0 _aImplementación del arbitraje como medio de resolución alternativa de conflictos en materia de consumo /
_cÁngela María Furment Cabral ; asesor, Máximo Calzado, Manuel Fermín Cabral.
260 _aSanto Domingo :
_bInstituto Global de Altos Estudios en Ciencias Sociales :
_bUniversidad de Salamanca,
_c2019.
300 _a120 hojas :
_c28 cm. +
_eCD Rom.
502 _aTesis (Maestría en Derecho de la Administración del Estado). --Instituto Global de Altos Estudios en Ciencias Sociales, Santo Domingo, 2019.
504 _aIncluye bibliografía.
505 _aDerecho del consumo y arbitraje en el derecho comparado -- Configuración jurídica del derecho de consumo -- Arbitraje en República Dominicana.
650 4 _aDerecho administrativo
_xRepública Dominicana
650 4 _aAdministración pública
_zRepública Dominicana
650 4 _aProtección al consumidor
_xLegislación
650 4 _aArbitraje comercial
_zRepública Dominicana
650 4 _aArbitraje de consumo
_xSistemas de arbitraje de consumo
700 1 _aBloomberg, Michael R.,
_d1942-
_easesor
_926125
700 1 _926150
_aFermín Cabral, Manuel
_easesor
710 2 _aUniversidad de Salamanca
942 _2lcc
_cTS
946 _aYH